000 00449nam a22001697a 4500
003 OSt
005 20250131102810.0
008 250131b |||||||| |||| 00| 0 eng d
040 _cDLC
050 _aB886P
082 _aB886P
100 _aBruce, F. F.
_9372
245 _aPaul and His Converts:
_bHow Paul Nurtured the Churches He Planted/
_cby F. F. Bruce
260 _aBangalore:
_bOmega Book World,
_c2017.
300 _a98p.
942 _2ddc
_cBK
999 _c11269
_d11269